Devinez le Département Mystère #66 - Statistiques

Statistiques générales
  • Ce quiz a été pris 146 fois
  • Le résultat moyen est 33 sur 45
Statistiques - réponses
Type de Réponse Réponse % Correct
Lettre Trouvée A
100%
Lettre Trouvée E
99%
Lettre Trouvée R
99%
Lettre Trouvée N
98%
Lettre Trouvée S
98%
Lettre Trouvée I
97%
Lettre Trouvée T
97%
Lettre de l'Alphabet U
97%
Lettre Trouvée O
96%
Lettre de l'Alphabet H
95%
Lettre Trouvée L
94%
Lettre de l'Alphabet D
89%
Lettre de l'Alphabet M
88%
Lettre Trouvée P
87%
Lettre de l'Alphabet C
85%
Lettre de l'Alphabet V
83%
Lettre de l'Alphabet B
79%
Lettre de l'Alphabet G
77%
Lettre de l'Alphabet Q
77%
Lettre Trouvée Y
74%
Lettre de l'Alphabet F
70%
Lettre de l'Alphabet J
63%
Lettre de l'Alphabet Z
63%
Lettre de l'Alphabet X
60%
Lettre Bien Placée A
57%
Lettre Bien Placée É
57%
Lettre Bien Placée É
57%
Lettre Bien Placée E
57%
Lettre Bien Placée E
57%
Lettre Bien Placée E
57%
Lettre Bien Placée I
57%
Lettre de l'Alphabet K
57%
Lettre Bien Placée L
57%
Lettre Bien Placée N
57%
Lettre Bien Placée N
57%
Lettre Bien Placée O
57%
Lettre Bien Placée P
57%
Département Mystère Pyrénées-Orientales
57%
Lettre Bien Placée R
57%
Lettre Bien Placée R
57%
Lettre Bien Placée S
57%
Lettre Bien Placée S
57%
Lettre Bien Placée T
57%
Lettre de l'Alphabet W
57%
Lettre Bien Placée Y
57%
Aucun quiz correspondant
Distribution des résultats
% des personnes avec chaque résultat
Percentile par nombre de réponses
Votre historique - résultats
Vous n’avez pas pris ce quiz